| 000 | 00424pab a2200157 454500 | ||
|---|---|---|---|
| 008 | 180718b2005 xxu||||| |||| 00| 0 eng d | ||
| 100 | _aOliver, David | ||
| 245 | _aDecision-making in high-velocity environments: the importance of guiding principles | ||
| 260 | _c2005 | ||
| 300 | _ap.889-913. | ||
| 362 | _aJun | ||
| 650 | _aDecision making | ||
| 700 | _aRoos, Johan | ||
| 773 | _aOrganization Studies | ||
| 909 | _a65472 | ||
| 999 |
_c65472 _d65472 |
||